| 000 | 01590nam a2200217Ia 4500 | ||
|---|---|---|---|
| 003 | Ost | ||
| 005 | 20260507075632.0 | ||
| 008 | 260507s9999||||xx |||||||||||||| ||und|| | ||
| 020 | _a276303977 | ||
| 040 | _cfsecg | ||
| 041 | _aara | ||
| 082 | _a301.20956 | ||
| 100 |
_aحجازي، أحمد مجدي _eمؤلف |
||
| 245 | 0 |
_aالثقافة العربية في زمن العولمة / _c أحمد مجدي حجازي |
|
| 260 |
_aالقاهرة: _bدار قباء للطباعة والنشر والتوزيع;دار قباء للطباعة والنشر والتوزيع, _c2001 |
||
| 300 |
_a186 صفحة؛ _c24 سم |
||
| 520 | _aالمحتويات : المقدمة-الدراسة الأولى : العولمة وتهميش الوطنية : رؤية نقدية من العالم الثالث-الدراسة الثانية : أمية المثقف العربي : الإبداع وأزمة المجتمع العربي-الدراسة الثالثة : المثقف العربي والالتزام الإيديولوجي : دراسة في أزمة المجتمع العربي-الدراسة الرابعة : في إشكالية الثقافة العربية : أزمة النقد الذاتي-الدراسة الخامسة : تناقضات الواقع واغتراب الفكر : أزمة العلاقة بين الباحث ومجتمعه-الدراسة السادسة : فقراء مصر في عصر العولمة : دراسة ميدانية لحياة بعض فقراء الريف والحضر | ||
| 653 | _aالعولمة | ||
| 653 | _aعلم الإجتماع | ||
| 942 | _cكتاب | ||
| 999 |
_c45237 _d45237 |
||